Regulated market in a rural economy (Record no. 349360)

000 -LEADER
fixed length control field 00374cam a22001217a 4500
008 - FIXED-LENGTH DATA ELEMENTS--GENERAL INFORMATION
fixed length control field 180718b1988 xxu||||| |||| 00| 0 eng d
082 ## - DEWEY DECIMAL CLASSIFICATION NUMBER
Classification number Z46x5451 M969
100 ## - MAIN ENTRY--PERSONAL NAME
Personal name Narasimha Murthy, G.
245 ## - TITLE STATEMENT
Title Regulated market in a rural economy
Statement of responsibility, etc. by G. Narasimha Murthy
260 ## - PUBLICATION, DISTRIBUTION, ETC.
Place of publication, distribution, etc. Delhi
Name of publisher, distributor, etc. Ajanta
Date of publication, distribution, etc. 1988
300 ## - PHYSICAL DESCRIPTION
Extent 321p.
650 ## - SUBJECT ADDED ENTRY--TOPICAL TERM
Topical term or geographic name entry element Agricultural marketing - India - Andhra Pradesh
Holdings
Withdrawn status Lost status Damaged status Not for loan Permanent Location Current Location Date acquired Full call number Barcode Date last seen Price effective from Koha item type
        Indian Institute of Public Administration Indian Institute of Public Administration 1993-10-30 Z46x5451 M969 64176 2018-07-21 2018-07-21 Book

Powered by Koha